| 000 | 00392nam a2200145 i 4500 | ||
|---|---|---|---|
| 001 | 141162 | ||
| 003 | ES-MaACL | ||
| 005 | 20230906200233.0 | ||
| 007 | t| | ||
| 008 | 070919q1923 fr ||||1| eng d | ||
| 100 | 1 |
_aWolff, L. _9117257 |
|
| 245 | 1 | 0 |
_aIntroduction a Kipps et an roman social de H. G. Wells / _cL. Wolff. |
| 260 |
_aParis : _bPayot, _c[1923?] |
||
| 852 |
_aES-MaACL _j1647-F-11 |
||
| 999 |
_c141162 _d141162 |
||